000
00249nam a2200097Ia 4500
001
816040
005
20250826171708.0
008
250824s9999 xx 000 0 und d
245
0
_a
YAZDIKLARIYLA YAŞAYANLAR
_c
HASAN SARAÇ
260
_b
PORTAKAL YAYINLARI
999
_c
816040
_d
816040